000 00321nam a22001337a 4500
041 _aEnglish
082 _a261.8 RAM
100 _aRamsey, Arthur Michael
245 _aThe Future of the Christian Church
260 _aLondon
_bSCM Press Ltd.
_c1943
300 _a86
650 _aChurch and Social Problems
942 _cBK
999 _c20953
_d20953